000 00298nam a22000977a 4500
008 150616b xxu||||| |||| 00| 0 eng d
010 _8HCCRSF:002
245 _aHIGH COURT CRIMINAL SESSION NO.21 OF 1969 Uganda Vs Edward Kabeba
260 _aHigh Court Kampala
500 _3BEFORE: Hon. Mr. Justice Youds
999 _c6214
_d6214